000 00803nam a2200265 4500
003 OSt
005 20260530113851.0
008 260508b2001 |||a|||| |||| 001 0 che d
040 _aICI
_bspa
_cICI
050 _aNK1390
_bP55
100 1 _aPile, John
_931240
245 1 0 _aThe Vernacular Mirror:
_bTwentieth Century Design/
_cPile, John
264 1 _bKorea Design Center
_c2001
_aSeoul
300 _a144 páginas
336 _atexto
_2rdacontent
337 _asin medio
_2rdamedia
338 _avolumen
_2rdacarrier
650 _aDiseño industrial
_ySiglo XX
_931241
650 _aDiseño contemporáneo
_931242
650 _aDiseño y sociedad
_931243
650 _aCultura material
_931244
650 _aEstética industrial
_931245
650 _aHistoria del diseño
_931246
942 _2lcc
_cBK
_n1
999 _c11458
_d11458